000 00485nam a2200181Ia 4500
008 240729s9999 xx 000 0 und d
022 _a2673-6772
245 0 _aParasitologia
260 _aSwitzerland
260 _bMDPI AG
650 _a Biology (General)
650 _a Infectious and parasitic diseases | Science
650 _a Internal medicine
650 _aMedicine
856 _uhttps://doaj.org/toc/bb6fc01400494802ac3c9744669eb694
942 _2ddc
942 _cDOAJEJ
999 _c68437
_d68437
945 _a1
_bMadushi Gamage
_c1
_dMadushi Gamage